[Event "Durban USSA op"]
[Site "Durban"]
[Date "2023.12.05"]
[Round "3"]
[White "Mthembu, Lovers"]
[Black "Maliwa, Silindokuhle"]
[Result "1-0"]
[WhiteElo "1575"]
[BlackElo "1318"]
[PlyCount "95"]
[EventDate "2023.12.04"]
[EventType "swiss"]
[EventRounds "9"]
[EventCountry "RSA"]
[SourceTitle "CB50_2023"]
[SourceDate "2023.12.13"]
[SourceVersion "1"]
[SourceVersionDate "2023.12.13"]
[SourceQuality "1"]

1. e4 c5 2. Nf3 e6 3. c3 d5 4. exd5 Qxd5 5. d4 Nf6 6. Be2 Nc6 7. 0-0 cxd4 8. cxd4 Be7 9. Nc3 Qd6 10. Bc4 a6 11. d5 exd5 12. Bxd5 Nb4 13. Bb3 Qxd1 14. Rxd1 Bg4 15. Bf4 0-0 16. Re1 Bc5 17. Na4 Nd3 18. Nxc5 Nxc5 19. Bc4 Bxf3 20. gxf3 b5 21. Bf1 Rad8 22. Rad1 Nd5 23. Bg3 Na4 24. Rd2 Nf6 25. Red1 Rc8 26. Rd6 Nxb2 27. Rb1 Nc4 28. Rxa6 Nd2 29. Rb2 Nxf3+ 30. Kg2 Nd4 31. Bxb5 Nxb5 32. Rxb5 Ne4 33. Bf4 Rc2 34. Be3 f5 35. Rb7 f4 36. Raa7 f3+ 37. Kh3 Rd8 38. Rxg7+ Kf8 39. Rxh7 Kg8 40. Rag7+ Kf8 41. Bh6 Nxf2+ 42. Kg3 Nh1+ 43. Kh3 Nf2+ 44. Kh4 Rd4+ 45. Rg4+ Ke8 46. Rxd4 Nh1 47. h3 f2 48. Rg4 1-0